|
|
|
|
| LEADER |
00000cam a2200000 7i4500 |
| 001 |
0000146443 |
| 005 |
20221110.0 |
| 008 |
221108t20212021my xb eng |
| 020 |
|
|
|a 9789672486503
|
| 040 |
|
|
|a PERPUSTAM
|b eng
|c PERPUSTAM
|e rda
|
| 041 |
|
|
|a eng
|
| 090 |
0 |
0 |
|a 428.2
|b AKO
|
| 100 |
0 |
|
|a Abdul Kafi Osman ,
|e author
|
| 245 |
1 |
0 |
|a 1001 SAMPLE SENTENCES WITH ERrORS :
|b 1SSWE MODULE
|c ABDUL KAFI OSMAN ; Copy Editor: Asrol Anuar Ramli ; Assistant Editor: Mohd Shamaizar Maudin ; Typesetter: Marina Abdol Azis ; Cover Designer: Zuraizee Zulkifli
|
| 246 |
3 |
3 |
|a One thousand one sample sentences with errors
|b 1 SSWE module
|n 1
|
| 264 |
|
1 |
|a Sintok, Kedah :
|b Penerbit Universiti Utara Malaysia
|c 2021
|
| 264 |
|
4 |
|c ©2021
|
| 300 |
|
|
|a vii, 156 pages ;
|c 27 cm.
|
| 336 |
|
|
|a text
|2 rdacontent
|
| 337 |
|
|
|a unmediated
|2 rdamedia
|
| 338 |
|
|
|a volume
|2 rdacarrier
|
| 500 |
|
|
|a Includes questions and answers
|
| 650 |
1 |
0 |
|a English language
|x sentences
|
| 650 |
2 |
0 |
|a English language
|x Grammar
|
| 650 |
2 |
0 |
|a Government publications
|z Malaysia
|
| 700 |
0 |
|
|a Asrol Anuar Ramli ,
|e editor
|
| 700 |
0 |
|
|a Marina Abdol Azis ,
|e typesetter
|
| 700 |
0 |
|
|a Mohd Shamaizar Maudin ,
|e editor
|
| 700 |
0 |
|
|a Zuraizee Zulkifli ,
|e cover designer
|
| 999 |
|
|
|a 0000742061
|b Buku
|c Rak Terbuka
|e Perbadanan Perpustakaan Awam Melaka
|
| 999 |
|
|
|a 0000742062
|b Buku
|c Rak Terbuka
|e Perbadanan Perpustakaan Awam Melaka
|
| 999 |
|
|
|a 0000742063
|b Buku
|c Rak Terbuka
|e Perpustakaan Cawangan Jasin
|
| 999 |
|
|
|a 0000742064
|b Buku
|c Rak Terbuka
|e Perpustakaan Cawangan Masjid Tanah
|
| 999 |
|
|
|a 0000742065
|b Buku
|c Rak Terbuka
|e Perpustakaan Cawangan Merlimau
|